书目信息 |
| 题名: |
放映技术
|
|
| 作者: | ;河北省电影公司 编 | |
| 分册: | 下册 | |
| 出版信息: | 石家庄 河北省电影公司 1984 |
|
| 页数: | 325页 | |
| 开本: | 26cm | |
| 丛书名: | ||
| 单 册: | ||
| 中图分类: | J943 | |
| 科图分类: | ||
| 主题词: | 电影工作--组织 , 电影工作--管理 | |
| 电子资源: | ||
| ISBN: | ||
| 000 | 00710nam0 2200205 450 | |
| 001 | 0634496062 | |
| 005 | 20060726094007.54 | |
| 100 | @a20060726d1984 km y0chiy0120 ea | |
| 101 | 0 | @achi |
| 102 | @aCN@b130000 | |
| 200 | 1 | @a放映技术@Afang ying ji shu@e电影放映技术资格考试大纲题解@h下册@f河北省电影公司编@Fhe bei sheng dian ying gong si bian |
| 210 | @a石家庄@c河北省电影公司@d1984 | |
| 215 | @a325页@d26cm | |
| 517 | 1 | @a电影放映技术资格考试大纲题解@Adian ying fang ying ji shu zi ge kao shi da gang ti jie |
| 606 | 0 | @a电影工作@x组织 |
| 606 | 0 | @a电影工作@x管理 |
| 690 | @aJ943@v3 | |
| 711 | 0 | @a河北省电影公司@Ahe bei sheng dian ying gong si@4编 |
| 801 | 0 | @aCN@bPFT@c20060726 |
| 905 | @a10447@dJ943@e128:2 | |
| 放映技术:电影放映技术资格考试大纲题解.下册/河北省电影公司编.-石家庄:河北省电影公司,1984 |
| 325页;26cm |
| ISBN : |
| ● |
| 相关链接 |
|
|
|
|
正题名:放映技术
索取号:J943/128:2
 
预约/预借
| 序号 | 登录号 | 条形码 | 馆藏地/架位号 | 状态 | 备注 |
| 1 | 0436368 | 204363688 | 密集书库/ [索取号:J943/128:2] | 在馆 | |
| 2 | 0436369 | 204363697 | 密集书库/ [索取号:J943/128:2] | 在馆 | |
| 3 | 0436370 | 204363704 | 密集书库/ [索取号:J943/128:2] | 在馆 | |
| 4 | 0436371 | 204363713 | 密集书库/ [索取号:J943/128:2] | 在馆 |